| 000 | 01919cam a22003974a 4500 | ||
|---|---|---|---|
| 001 | data | ||
| 005 | 20260322212108.0 | ||
| 008 | data | ||
| 035 | _a14613606 | ||
| 906 |
_a7 _bcbc _corignew _d1 _eecip _f20 _gy-gencatlg |
||
| 925 | 0 |
_aacquire _b2 shelf copies _xpolicy default |
|
| 955 |
_esg77 2006-10-30 to Dewey _fsg11 2007-11-21 _gsg11 2007-11-21 to LL |
||
| 010 | _a 2006036097 | ||
| 020 |
_a9781584777373 _qcloth : alk. paper |
||
| 020 |
_a1584777370 _qcloth : alk. paper |
||
| 040 |
_aDLC _cDLC _dDLC |
||
| 043 | _an-us--- | ||
| 050 | 0 | 0 |
_aK720 _b.N69 2007 |
| 082 | 0 | 0 |
_a346.04 _222 |
| 100 | 1 |
_aNoyes, C. Reinold _q(Charles Reinold), _d1884- |
|
| 245 | 1 | 4 |
_aThe institution of property : _ba study of the development, substance, and arrangement of the system of property in modern Anglo-American law / _cby C. Reinold Noyes. |
| 260 |
_aClark, NJ : _bLawbook Exchange, _c2007. |
||
| 300 |
_axiv, 645 p. ; _c26 -cm. |
||
| 336 |
_atext _btxt _2rdacontent |
||
| 337 |
_aunmediated _bn _2rdamedia |
||
| 338 |
_avolume _bnc _2rdacarrier |
||
| 500 | _aOriginally published: New York : Longmans, Green and Co., 1936. | ||
| 504 | _aIncludes bibliographical references and index. | ||
| 505 | 0 | _aThe organization of early Roman society -- The development of the Roman system of property -- The foundations of the English, or feudal, system of property -- The modern juristic analysis of proerty : legal theory -- Property in modern American law : legal practice -- The substance and structure of modern property. | |
| 650 | 0 | _aProperty. | |
| 650 | 0 |
_aProperty _xHistory. |
|
| 650 | 0 | _aProperty (Roman law) | |
| 650 | 0 |
_aProperty _zUnited States. |
|
| 856 | 4 | 1 |
_3Table of contents only _uhttp://www.loc.gov/catdir/toc/ecip073/2006036097.html |
| 999 |
_c1596 _d1596 |
||